000 00351 a2200145 4500
001 170210
020 _a
040 _cMagnum
100 _aWright, Charles R.
240 1 0 _aComunicacao de massa: uma perspectiva sociologica
_lpor
245 1 0 _aComunicacao de massa: uma perspectiva sociologica
362 0 _a1899
697 _aGERAL
942 _cBK
999 _c170210
_d170210